Estadísticas para Top 5 países por categoría

Haz click aquí para tomar la prueba!

Estadísticas generales

  • Esta prueba ha sido tomada 12.824 veces
    (2.598 desde el último reinicio)
  • La puntuación promedio es 27 de 42

Estadísticas de respuestas

País% Correcto
China
100%
Estados Unidos
99%
Rusia
99%
India
97%
Canadá
94%
Francia
94%
Brasil
93%
España
91%
Japón
90%
Ciudad del Vaticano
86%
Australia
83%
Italia
81%
Chile
80%
México
80%
Indonesia
76%
Mónaco
76%
Alemania
75%
Nepal
73%
Luxemburgo
69%
Pakistán
67%
San Marino
66%
Arabia Saudita
65%
Mongolia
65%
Emiratos Árabes Unidos
64%
Liechtenstein
63%
Corea del Norte
62%
Singapur
57%
Catar
56%
Colombia
55%
Argelia
52%
Islandia
50%
Nauru
47%
Bután
46%
Filipinas
46%
Tuvalu
45%
Baréin
35%
Palaos
30%
Irlanda
29%
Namibia
23%
Panamá
21%
Maldivas
19%
Guyana
12%

Distribución de puntuación

Porcentaje por número respondido

Porcentaje de gente con cada puntuación

Historial de tus puntuaciones

No has tomado esta prueba desde el último reinicio